| 000 | 00568 a2200181 4500 | ||
|---|---|---|---|
| 999 |
_c8610 _d8610 |
||
| 020 | _a0340771712 | ||
| 050 | _aHF5548.4 STE 1999 | ||
| 100 |
_aStephen, Moira _eauthor |
||
| 245 |
_aExcel 2002/ _cMoira Stephen |
||
| 264 |
_a Lincolnwood, Chicago, Ill. : _b NTC/Contemporary Pub., _c1999 |
||
| 300 |
_avi, 185 pages : _bill. ; 20 cm. |
||
| 440 | _aTeach yourself books | ||
| 500 | _aIncludes index | ||
| 650 | _aMicrosoft Excel (Computer file) | ||
| 650 | _aElectronic spreadsheets. | ||
| 650 | _aBusiness -- Computer programs. | ||
| 942 |
_2lcc _cBK _h5548.4 _iSTE _kHF |
||